32 najmniejsze kraje świata - Statystyki

Ogólne statystyki
  • Ten quiz został rozwiązany 52 razy
  • Średni wynik to 23 z 32
Odpowiedzi na mapie
Odpowiedzi zakodowano w zielono-czerwonej skali na mapie do tego quizu, zgodnie z poniższymi procentami.
 
Statystyki odpowiedzi
Odpowiedź % Poprawnych
Watykan
98%
Andora
86%
Liechtenstein
86%
Malta
86%
Monako
83%
San Marino
83%
Mikronezja
81%
Palau
81%
Seszele
81%
Wyspy Świętego Tomasza i Książęca
81%
Wyspy Marshalla
79%
Nauru
76%
Luksemburg
74%
Malediwy
71%
Republika Zielonego Przylądka
71%
Tonga
71%
Tuvalu
71%
Komory
69%
Samoa
69%
Antigua i Barbuda
67%
Dominika
67%
Kiribati
67%
Singapur
67%
Mauritius
64%
Saint Kitts i Nevis
62%
Saint Lucia
62%
Saint Vincent i Grenadyny
60%
Trynidad i Tobago
60%
Barbados
57%
Brunei
50%
Grenada
48%
Bahrajn
45%
Nie znaleziono quizów pasujących do podanych kryteriów
Rozkład punktacji
Procent ludzi z każdym wynikiem
Percentyl według liczby udzielonych odpowiedzi
Twoja historia wyników
Nie rozwiązałeś tego quizu